Map Projections by Pictures - Statistics

General Stats
  • This quiz has been taken 49 times
  • The average score is 3 of 12
Answer Stats
Picture Answer % Correct
Mercator
78%
Robinson
50%
{Winkel} Tripel
39%
Waterman {Butterfly} Projection
31%
{Azimuthal} Equidistant Projection
25%
Dymaxion
17%
{Lambert} Conformal Conic
14%
{Transverse} Mercator
14%
HEALpix
6%
Octant
6%
Bertin
3%
{Central} Cylindrical
3%
No matching quizzes found
Score Distribution
Percent of People with Each Score
Percentile by Number Answered
Your Score History
You have not taken this quiz